000 01869cam a22004337a 4500
001 16163549
005 20260413134004.0
008 100330s2012 nyua b 001 0 eng d
010 _a 2010925842
020 _a9781435486720
020 _a1435486722
020 _a9781111319625
020 _a1111319626
020 _a1111541884
042 _alccopycat
050 0 0 _aRJ245
_b.P43 2012
082 0 4 _a618.92/00231
_222
245 0 0 _aPediatric nursing :
_bcaring for children and their families /
246 3 0 _aCaring for children and their families
250 _a3rd ed.
260 _aClifton Park, NY :
_bDelmar Cengage Learning,
_cc2012.
300 _axxxvii, 1496 p. :
_bcol. ill. ;
_c28 cm.
500 _a"Also available: Study guide to accompany Pediatric nursing .. CourseMate for Pediatric nursing .. Clinical companion for Pediatric nursing ... Delmar's Mini guide to pediatric drugs ... [and] Clinical decision making : case studies in Pediatric nursing"--P. [4] of cover.
504 _aIncludes bibliographical references and index.
650 0 _aPediatric nursing.
650 1 2 _aPediatric Nursing
_xmethods
650 2 2 _aNursing Care
_xmethods
650 2 2 _aChild
650 2 2 _aFamily
700 1 _aPotts, Nicki L.
_q(Nicki Lee)
700 1 _aMandleco, Barbara L.
_q(Barbara Lillian)
856 4 2 _3Contributor biographical information
_uhttp://www.loc.gov/catdir/enhancements/fy1105/2010925020-b.html
856 4 2 _3Publisher description
_uhttp://www.loc.gov/catdir/enhancements/fy1105/2010925020-d.html
856 4 1 _3Table of contents only
_uhttp://www.loc.gov/catdir/enhancements/fy1105/2010925020-t.html
906 _a7
_bcbc
_ccopycat
_d2
_encip
_f20
_gy-gencatlg
942 _2lcc
_cBK
999 _c60344
_d60344